| 000 | 00579nam a2200169 4500 | ||
|---|---|---|---|
| 001 | 109998 | ||
| 003 | ES-MaACL | ||
| 007 | t| | ||
| 008 | 061121s19041906fr r ||||1| fre d | ||
| 100 | 1 |
_aMoissan, Henri. _981817 |
|
| 245 | 1 | 0 |
_aTraité de Chimie Minerale / _cpublié sous la direction de Henri Moissan; secrétaire de la rédaction, Marcel Guichard. |
| 260 |
_aParis : _bMasson et Cie., _c1904-06. |
||
| 300 |
_a5 v. : _bil. ; _c25 cm. |
||
| 505 | 8 | _aContiene: t. I-II: Métalloides; t. III-V: Métaux | |
| 700 | 1 |
_aGuichard, Marcel. _960645 |
|
| 852 |
_aES-MaACL _jG-5429-33 |
||
| 999 |
_c109998 _d109998 |
||